Financial analysis in pharmacy practice: (Record no. 14057)
[ view plain ]
| 000 -LEADER | |
|---|---|
| fixed length control field | 01572nam a22004333a 4500 |
| 001 - CONTROL NUMBER | |
| control field | cis18296773 |
| 003 - CONTROL NUMBER IDENTIFIER | |
| control field | OSt |
| 005 - DATE AND TIME OF LATEST TRANSACTION | |
| control field | 20140310182525.0 |
| 006 - FIXED-LENGTH DATA ELEMENTS--ADDITIONAL MATERIAL CHARACTERISTICS--GENERAL INFORMATION | |
| fixed length control field | m d |
| 007 - PHYSICAL DESCRIPTION FIXED FIELD--GENERAL INFORMATION | |
| fixed length control field | cr||n||||||||| |
| 008 - FIXED-LENGTH DATA ELEMENTS--GENERAL INFORMATION | |
| fixed length control field | 110816s2011 enka fsb 001 0 eng d |
| 020 ## - INTERNATIONAL STANDARD BOOK NUMBER | |
| International Standard Book Number | 9780853698975 (pbk.) |
| 020 ## - INTERNATIONAL STANDARD BOOK NUMBER | |
| International Standard Book Number | 085369897X (pbk.) |
| 037 ## - SOURCE OF ACQUISITION | |
| Stock number | 319640 |
| Source of stock number/acquisition | MIL |
| 040 ## - CATALOGING SOURCE | |
| Original cataloging agency | CaONFJC |
| Transcribing agency | CaONFJC |
| 050 ## - LIBRARY OF CONGRESS CALL NUMBER | |
| Classification number | RS 100 |
| Item number | .H548 2011 |
| 060 10 - NATIONAL LIBRARY OF MEDICINE CALL NUMBER | |
| Classification number | QV 736 |
| Item number | H548 2011eb |
| 082 04 - DEWEY DECIMAL CLASSIFICATION NUMBER | |
| Classification number | 362.17820681 |
| 100 1# - MAIN ENTRY--PERSONAL NAME | |
| Personal name | Keith N. Herist |
| 9 (RLIN) | 9450 |
| 245 10 - TITLE STATEMENT | |
| Title | Financial analysis in pharmacy practice: |
| Medium | [electronic resource] / |
| Statement of responsibility, etc | Keith N. Herist, Brent L. Rollins, Matthew Perri III. |
| 260 ## - PUBLICATION, DISTRIBUTION, ETC. (IMPRINT) | |
| Place of publication, distribution, etc | London : |
| Name of publisher, distributor, etc | Pharmaceutical Press, |
| Date of publication, distribution, etc | 2011. |
| 300 ## - PHYSICAL DESCRIPTION | |
| Extent | 225 p. : |
| Other physical details | ill. |
| 490 1# - SERIES STATEMENT | |
| Series statement | Pharmacy business administration series. |
| 504 ## - BIBLIOGRAPHY, ETC. NOTE | |
| Bibliography, etc | Includes bibliographical references and index. |
| 533 ## - REPRODUCTION NOTE | |
| Type of reproduction | Electronic reproduction. |
| Place of reproduction | [LaVergne, TN]: |
| Agency responsible for reproduction | Ingram Digital Ltd. |
| Date of reproduction | [201-]. |
| Note about reproduction | Available via World Wide Web. |
| 562 ## - COPY AND VERSION IDENTIFICATION NOTE | |
| Number of copies | for circulation. 1 copy available in the collection |
| 590 ## - LOCAL NOTE (RLIN) | |
| Local note | Minimal level e-book record. |
| 650 #0 - SUBJECT ADDED ENTRY--TOPICAL TERM | |
| Topical term or geographic name as entry element | Pharmacy |
| General subdivision | Finance. |
| 9 (RLIN) | 9451 |
| 650 #0 - SUBJECT ADDED ENTRY--TOPICAL TERM | |
| Topical term or geographic name as entry element | Pharmacy |
| General subdivision | Management. |
| 9 (RLIN) | 9452 |
| 650 12 - SUBJECT ADDED ENTRY--TOPICAL TERM | |
| Topical term or geographic name as entry element | Economics, Pharmaceutical |
| General subdivision | organization & administration. |
| 9 (RLIN) | 9453 |
| 700 1# - ADDED ENTRY--PERSONAL NAME | |
| Personal name | Rollins, Brent L. |
| 9 (RLIN) | 9454 |
| 700 1# - ADDED ENTRY--PERSONAL NAME | |
| Personal name | Perri, Matthew. |
| 9 (RLIN) | 9455 |
| 730 0# - ADDED ENTRY--UNIFORM TITLE | |
| Uniform title | MyiLibrary. |
| 9 (RLIN) | 9456 |
| 776 08 - ADDITIONAL PHYSICAL FORM ENTRY | |
| Display text | Print version: |
| Record control number | (DNLM)101567468 |
| International Standard Book Number | 9780853698975. |
| 830 #0 - SERIES ADDED ENTRY--UNIFORM TITLE | |
| Uniform title | Pharmacy business administration series. |
| 9 (RLIN) | 9457 |
| 910 ## - USER-OPTION DATA (OCLC) | |
| User-option data | 20120416/w/ern;pc,hc |
| 942 ## - ADDED ENTRY ELEMENTS (KOHA) | |
| Source of classification or shelving scheme | Library of Congress Classification |
| Koha item type | |
| Withdrawn status | Lost status | Source of classification or shelving scheme | Damaged status | Home library | Current library | Shelving location | Date acquired | Source of acquisition | Total Checkouts | Total Renewals | Full call number | Barcode | Date last seen | Date checked out | Copy number | Price effective from | Koha item type |
|---|---|---|---|---|---|---|---|---|---|---|---|---|---|---|---|---|---|
| Library of Congress Classification | South SEED-LPDH College Library | South SEED-LPDH College Library | South SEED-LPDH College Section | 08/12/2013 | Donation | 1 | 13 | RS 100 .H548 2011 | SSLC0511 | 05/15/2018 | 07/25/2015 | 1 | 08/12/2013 | Books |